Makhzan-E-amaliyaat (Record no. 14603)

MARC details
000 -LEADER
fixed length control field 00538nam a2200229 a 4500
020 ## - INTERNATIONAL STANDARD BOOK NUMBER
ISBN
082 00 - DEWEY DECIMAL CLASSIFICATION NUMBER
Classification number 297.338
Author Cutter ALI
100 ## - MAIN ENTRY--AUTHOR NAME
Author name Ali, Muhammed
245 ## - TITLE STATEMENT
Title Makhzan-E-amaliyaat
260 ## - PUBLICATION, DISTRIBUTION, ETC. (IMPRINT)
Place of publication Lucknow
Name of publisher Nizami Press
Year of publication 2007
300 ## - PHYSICAL DESCRIPTION
Number of Pages 398p
500 ## - GENERAL NOTE
General note includes index and biblioraphy
650 ## - SUBJECT ADDED ENTRY--TOPICAL TERM
Topical Term Occultism-Islam
942 ## - ADDED ENTRY ELEMENTS (KOHA)
Koha item type Books
700 1# -
-- Ali, Muhammed
Holdings
Collection code Home library Current library Date acquired Cost, normal purchase price Full call number Accession Number Koha item type
  Henry Martyn Institute Library Henry Martyn Institute Library 06/05/2008 120.00 297.338 ALI 022412 Books
                   Copyright © 2026 | Henry Martyn Institute | Hyderabad | TS-500052 | INDIA | Implemented by hmi.edu.in
Hit-Count:

Powered by Koha